| 000 | 00719nam a22002417a 4500 | ||
|---|---|---|---|
| 001 | BD-DhSAU 3918 | ||
| 003 | BD-DhSAU | ||
| 005 | 20150210155436.0 | ||
| 008 | 150210b2005 bg a||||r|||| 000 0 eng d | ||
| 020 | _a9843228863 | ||
| 040 | _aBD-DhSAU | ||
| 082 |
_222 _a323.24 _bAHB |
||
| 100 | _aAhmed, Imtiaz. | ||
| 245 |
_aThe birth of minority : _bstate, society and the Hindu women of Bangladesh / _cImtiaz Ahmed and Amena Mohsin. |
||
| 260 |
_aDhaka : _bBangladesh Freedom Foundation, _cc2005. |
||
| 300 |
_ax, 74 p. : _bill. ; _c21 cm. |
||
| 440 | _aWomen's security paper. | ||
| 590 | _ajoy | ||
| 650 | _aLaw. | ||
| 650 |
_aMinority. _zBangladesh. |
||
| 650 |
_aHindu Women _zBangladesh. |
||
| 700 | _aMohsin, Amena | ||
| 942 |
_2ddc _cBOOK |
||
| 999 |
_c3918 _d3918 |
||